Catálogo público

Aleyrodidae of Formosa, pte. II / (Record no. 201208)

MARC details
000 -CABECERA
campo de control de longitud fija 01031nam a2200277Ia 4500
001 - NÚMERO DE CONTROL
campo de control Para_2674
003 - IDENTIFICADOR DEL NÚMERO DE CONTROL
campo de control CHAP
008 - DATOS DE LONGITUD FIJA--INFORMACIÓN GENERAL
campo de control de longitud fija 220125s1933 xx 000 0 und d
010 ## - NÚMERO DE CONTROL DE LA BIBLIOTECA DEL CONGRESO
Número de control de LC 201208
040 ## - FUENTE DE LA CATALOGACIÓN
Centro/agencia transcriptor CHAP
082 ## - NÚMERO DE LA CLASIFICACIÓN DECIMAL DEWEY
Número de clasificación PA-C 595.752 A54
100 ## - ENTRADA PRINCIPAL--NOMBRE DE PERSONA
Nombre de persona Takahashi, Ryoichi
9 (RLIN) 111377
245 ## - MENCIÓN DE TÍTULO
Título Aleyrodidae of Formosa, pte. II /
Mención de responsabilidad, etc. by Ryoichi Takahashi
260 ## - PUBLICACIÓN, DISTRIBUCIÓN, ETC.
Lugar de publicación, distribución, etc. Formosa :
Nombre del editor, distribuidor, etc. Dept. of. Agric. Gover Research Inst.
300 ## - DESCRIPCIÓN FÍSICA
Extensión 24 p.
440 ## - MENCIÓN DE SERIE/PUNTO DE ACCESO ADICIONAL--TÍTULO
Título Aleyrodidae; 15
9 (RLIN) 166078
500 ## - NOTA GENERAL
Nota general Sobretiro de: Formosa. Department of agriculture Goverment Research Institute Formosa Japan Report; 60. Encuadernado con: Notes on the english and american races of the greenhouse white-fly (Trialeurodes vaporariorum) /by Franz Schrader. 70-141
650 ## - PUNTO DE ACCESO ADICIONAL DE MATERIA--TÉRMINO DE MATERIA
Término de materia o nombre geográfico como elemento de entrada Aleurodidae
Subdivisión general Colecciones de escritos Aleurodidae
-- Formosa
9 (RLIN) 166083
901 ## - ELEMENTOS DE DATOS A LOCAL LDA (RLIN)
a PA-C 595.752 A54
902 ## - ELEMENTOS DE DATOS B LOCAL, LDB (RLIN)
a M
905 ## - ELEMENTOS DE DATOS E LOCAL, LDE (RLIN)
a 0000001933 FOR 0000000000 00
910 ## - DATOS DE OPCIÓN DEL USUARIO (OCLC)
Datos de opción del usuario 1933
942 ## - ELEMENTOS DE PUNTO DE ACCESO ADICIONAL (KOHA)
Tipo de ítem Koha Parasitologia_
942 ## - ELEMENTOS DE PUNTO DE ACCESO ADICIONAL (KOHA)
Tipo de ítem Koha Parasitologia_
-- 1
Holdings
Estado de retiro Estado de pérdida Fuente del sistema de clasificación o colocación Estado dañado Restricciones de uso No para préstamo Código de colección Localización permanente Ubicación/localización actual Ubicación en estantería Fecha de adquisición Información codificada de la localización en otra ubicación Enumeración/cronología de publicación seriada Total de préstamos Código de barras Fecha visto por última vez Precio válido a partir de Tipo de ítem Koha Nota pública
    Dewey Decimal Classification   Préstamo interno   Consulta Parasitologia Agricola Parasitologia Agricola   27/10/2005 PARA Volumen: 15   PA_211-4 25/01/2022 25/01/2022 Libro 3